Получение нанокомпозитных покрытий на основе системы Ti-Al-Si-N с помощью двух магнетронов; Известия Томского политехнического университета [Известия ТПУ]; Т. 315, № 2: Математика и механика. Физика
| Parent link: | Известия Томского политехнического университета [Известия ТПУ]/ Томский политехнический университет (ТПУ).— , 2000- Т. 315, № 2: Математика и механика. Физика.— 2009.— [С. 147-150] |
|---|---|
| Tác giả khác: | , , , , |
| Tóm tắt: | Заглавие с титульного листа Электронная версия печатной публикации Путём вакуумного магнетронного осаждения при одновременной работе двух магнетронов получены нанокомпозитные покрытия на основе системы Ti-Al-Si-N. Исследовано влияние параметров магнетронного распыления разных мишеней на химический состав и микротвердость покрытия. С помощью рентгеноструктурного анализа определен фазовый состав и средний размер субзёрен основной фазы в полученных покрытиях Ti-Al-Si-N. |
| Ngôn ngữ: | Tiếng Nga |
| Được phát hành: |
2009
|
| Loạt: | Математика и механика. Физика |
| Những chủ đề: | |
| Truy cập trực tuyến: | http://www.lib.tpu.ru/fulltext/v/Bulletin_TPU/2009/v315/i2/33.pdf |
| Định dạng: | MixedMaterials Điện tử Chương của sách |
| KOHA link: | https://koha.lib.tpu.ru/cgi-bin/koha/opac-detail.pl?biblionumber=176684 |
MARC
| LEADER | 00000nla2a2200000 4500 | ||
|---|---|---|---|
| 001 | 176684 | ||
| 005 | 20240206081149.0 | ||
| 035 | |a (RuTPU)RU\TPU\book\191576 | ||
| 035 | |a RU\TPU\book\191570 | ||
| 090 | |a 176684 | ||
| 100 | |a 20100303d2009 k y0rusy50 ca | ||
| 101 | 0 | |a rus | |
| 102 | |a RU | ||
| 135 | |a drnn ---uucaa | ||
| 181 | 0 | |a i | |
| 182 | 0 | |a b | |
| 200 | 1 | |a Получение нанокомпозитных покрытий на основе системы Ti-Al-Si-N с помощью двух магнетронов |f А. В. Воронов [и др.] | |
| 203 | |a Текст |c электронный | ||
| 215 | |a 1 файл (726 Кб) | ||
| 225 | 1 | |a Математика и механика. Физика | |
| 300 | |a Заглавие с титульного листа | ||
| 300 | |a Электронная версия печатной публикации | ||
| 320 | |a [Библиогр.: с. 150 (6 назв.)] | ||
| 330 | |a Путём вакуумного магнетронного осаждения при одновременной работе двух магнетронов получены нанокомпозитные покрытия на основе системы Ti-Al-Si-N. Исследовано влияние параметров магнетронного распыления разных мишеней на химический состав и микротвердость покрытия. С помощью рентгеноструктурного анализа определен фазовый состав и средний размер субзёрен основной фазы в полученных покрытиях Ti-Al-Si-N. | ||
| 337 | |a Adobe Reader | ||
| 461 | 1 | |0 (RuTPU)RU\TPU\book\176237 |t Известия Томского политехнического университета [Известия ТПУ] |f Томский политехнический университет (ТПУ) |d 2000- | |
| 463 | 1 | |0 (RuTPU)RU\TPU\book\191065 |x 1684-8519 |t Т. 315, № 2: Математика и механика. Физика |v [С. 147-150] |d 2009 |p 215 с. | |
| 610 | 1 | |a нанокомпозитные покрытия | |
| 610 | 1 | |a магнетронное осаждение | |
| 610 | 1 | |a химический состав | |
| 610 | 1 | |a фазовый состав | |
| 610 | 1 | |a микротвердость | |
| 610 | 1 | |a покрытия | |
| 610 | 1 | |a нитрид титана-аллюминия | |
| 610 | 1 | |a нитрид алюминия-кремния | |
| 610 | 1 | |a труды учёных ТПУ | |
| 610 | 1 | |a электронный ресурс | |
| 701 | 1 | |a Воронов |b А. В. | |
| 701 | 1 | |a Сергеев |b В. П. |c специалист в области материаловедения |c профессор Томского политехнического университета, доктор технических наук |f 1949- |g Виктор Петрович |3 (RuTPU)RU\TPU\pers\25827 |9 11700 | |
| 701 | 1 | |a Сергеев |b О. В. | |
| 701 | 1 | |a Нейфельд |b В. В. | |
| 701 | 1 | |a Параев |b Ю. Н. | |
| 801 | 1 | |a RU |b 63413507 |c 20090623 |g PSBO | |
| 801 | 2 | |a RU |b 63413507 |c 20211216 |g PSBO | |
| 856 | 4 | |u http://www.lib.tpu.ru/fulltext/v/Bulletin_TPU/2009/v315/i2/33.pdf | |
| 942 | |c CF | ||